000 00616nam a2200205 i 4500
001 66253
003 ES-MaACL
005 20230906165559.0
007 t|
008 040129s1972 sp ||||1| spa d
100 1 _aGalbraith, John Kenneth.
_953345
245 1 0 _aDesarrollo económico /
_cJohn Kenneth Galbraith ; traducción Carlos Grau Petit.
260 _aBarcelona :
_bAriel,
_c[1972]
300 _a168 p. ;
_c18 cm.
490 1 _aAriel quincenal ;
_v72
700 1 _aGrau Petit, Carlos.
_959758
830 0 _aAriel quincenal ;
_v72
_9180806
852 _aES-MaACL
_jC-49136
_bR.83623
999 _c66253
_d66253